000 00648nam a22002177a 4500
003 UA-OsUOA
001 44445
007 ta
008 20070222b un ||||| |||| 00| 0 ukr d
100 _aВойтович Р.
090 _a32
_bВ-11
942 _cSA
040 _aUA-OsUOA
_bukr
_cUA-OsUOA
_dUA-OsUOA
245 _aОсновні критерії формуваня та реалізації інформаційної політик в умовахєвроатлантичного вибору України
300 _aС.3-16
955 _a0
041 _aukr
080 _a32
773 0 _w44441
650 7 _a32 Політика
_2UDC
999 _c330562
_d330562